000 03457nab a2200277 i 4500
003 BR-BrBNA
005 20241112104228.0
008 241112b2009 bl.qr|pooa||| 00| 0 por |
040 _aBR-BrBNA
_bpor
072 _aF70
_b3304
072 _aK10
100 _aDurigon, Jaqueline
100 _aCanto-Dorow, Thais Scotti do
100 _aEisinger, Sônia Maria
245 _aComposição florística de trepadeiras ocorrentes em bordas de fragmentos de floresta estacional, Santa Maria, Rio Grande do Sul, Brasil
500 _aPublicação on-line; 24 ref.; 1 table; 2 illus.; Summaries (En, Pt)
520 _a RESUMO (Composição florística de trepadeiras ocorrentes em bordas de fragmentos de floresta estacional, Santa Maria, Rio Grande do Sul, Brasil) Foi realizado o levantamento das espécies de trepadeiras ocorrentes em bordas de fragmentos de floresta estacional em Santa Maria, RS. As coletas foram quinzenais, durante o período de março de 2006 a março de 2007, e se restringiram às margens dos fragmentos florestais que se estendem ao longo das principais rodovias de acesso ao município. Com base no modo de ascensão, hábito e ocorrência, as espécies foram classificadas respectivamente em: trepadeiras volúveis, com gavinhas ou apoiantes; herbáceas ou lenhosas; raras, ocasionais ou abundantes. Foram registradas 73 espécies, distribuídas em 47 gêneros e 24 famílias. Apocynaceae (nove espécies), Sapindaceae (oito), Bignoniaceae (sete), Convolvulaceae (sete) e Passifloraceae (seis) foram as famílias de maior riqueza específica. Constatou-se o predomínio de trepadeiras volúveis, seguido pelas formas dotadas de gavinhas e das apoiantes. O hábito herbáceo prevaleceu sobre o lenhoso e, quanto à ocorrência, a maioria das espécies foi abundante, seguida pelas ocasionais e raras. Palavras-chave: fragmentos florestais, plantas trepadoras, lianas.
520 _a ABSTRACT (Floristic composition of climbers along the edges of seasonal forest fragments, Santa Maria, Rio Grande do Sul, Brazil) A survey of climbing species growing along the edge of seasonal forest fragments in Santa Maria, RS, was carried out. Collections were made between March 2006 and March 2007, only at the edge of forest fragments found along main access roads. Based on climbing pattern, habit, and occurrence, the species were classified into: twiners, plants with tendrils or scandent; herbaceous or woody; rare, occasional or abundant. Seventy three species were registered, distributed in 47 genera, and 24 families. Apocynaceae (nine species), Sapindaceae (eight), Bignoniaceae (seven), Convolvulaceae (seven) and Passifloraceae (six) were the families with the highest species richness. Twiners were dominant, followed by forms with tendrils, and scandent forms. Herbaceous habit was predominant over woody and, regarding to the occurrence, most species were considered abundant, followed by occasional and rare. Key words: forest fragments, climbing plants, lianas.
650 _aFLORESTA
650 _aTREPADEIRA
650 _aCOMPOSIÇÃO BOTÂNICA
773 0 _0709
_9346144
_dRio de Janeiro-RJ Jardim Botanico do Rio de Janeiro 1935
_o2024-6791
_tRodriguésia (Brazil)
_x0370-6583; 2175-7860 on-line
_gv. 60(2) p. 415-422; (2009)
_wBR2024003537
856 _uhttps://www.scielo.br/j/rod/a/sXwtpsD3nXLWcrbdKQQGcGq/?format=pdf&lang=pt
942 _cANA
999 _c328578
_d328578